LIBRARY & INFORMATION CENTRE, KCAET, TAVANUR

ONLINE PUBLIC ACCESS CATALOGUE (OPAC)

DEVELOPMENT OF ROBOTIC BLACK PEPPER HARVESTING SYSTEM (Record no. 17589)

MARC details
000 -LEADER
fixed length control field 00385nam a22001457a 4500
003 - CONTROL NUMBER IDENTIFIER
control field OSt
082 ## - DEWEY DECIMAL CLASSIFICATION NUMBER
Classification number 631
088 ## - REPORT NUMBER
Report number T559
100 ## - MAIN ENTRY--AUTHOR NAME
Personal name Amsuja v Ajayan
245 ## - TITLE STATEMENT
Title DEVELOPMENT OF ROBOTIC BLACK PEPPER HARVESTING SYSTEM
260 ## - PUBLICATION, DISTRIBUTION, ETC. (IMPRINT)
Place of publication Thavanur
Name of publisher Department of farm machinery and power engineering
Year of publication 2022
300 ## - PHYSICAL DESCRIPTION
Number of Pages 206
700 ## - ADDED ENTRY--PERSONAL NAME
Personal name Er. Sindhu Bhaskar (Guide)
942 ## - ADDED ENTRY ELEMENTS (KOHA)
Koha item type Theses
Holdings
Collection code Home library Current library Shelving location Full call number Accession Number Koha item type Public note
Reference KAUAET KAUAET Reference1 631 T 559 Theses M.Tech Thesis
free website counter